000 00702ngm a2200265 a 4500
003 OSt
005 20251020182700.0
008 240217s9999 xx 000 0 und d
040 _aPE SENCICO BE
040 _cPE SENCICO BE
041 _aspa
082 _aJ014
245 0 _aExperiencias de Trabajo de Exploración y Titulación con el empleo de GPS y Estación Total 1994-1999 /
245 0 _cMinería Aurífera RATAMAS S.A.
260 _bMinería Aurífera RATAMAS S.A.
260 _c1999
300 _a1 VIDEO
300 _bson., Col.
300 _c45'
490 _aINFORMACION GEOGRAFICA
511 _aParedes, Jorge
650 _aMINERIA
910 _aila.
942 _cVID
_2ddc
999 _c4792
_d4792